| 000 | 00987nam a2200325 4500 | ||
|---|---|---|---|
| 999 |
_c23121 _d23121 |
||
| 001 | vtls011710138 | ||
| 005 | 20220131100832.0 | ||
| 008 | 200316s2017 xr g 000 f slo | ||
| 020 |
_a9788072439898 _q(viazané) |
||
| 035 | _aurn:nbn:sk:snk-am00dgr1 | ||
| 035 | _aurn:nbn:sk:snk-am3i1qc | ||
| 035 | _a0C642799-1356-41EB-AD6D-721B7D27BB0A | ||
| 040 |
_aPOKPOH _bslo _cPOKPOH _dSNK _erda |
||
| 041 | 0 | _aslo | |
| 044 |
_axr _cCZ |
||
| 072 | 7 |
_a821.162.4-3 _xSlovenská próza _2konspekt |
|
| 080 |
_a821.162.4-31 _22011 |
||
| 100 | 1 |
_aScherhauferová, Ružena, _d1950- _4aut _92626 |
|
| 245 | 1 | 0 |
_aGamblerova žena _cRužena Scherhauferová |
| 250 | _aPrvé vydanie | ||
| 264 | 1 |
_aPraha _bBrána _c2017 |
|
| 300 |
_a309 strán _c19 cm |
||
| 336 |
_atext _btxt _2rdacontent |
||
| 337 |
_abez média _bn _2rdamedia |
||
| 338 |
_azväzok _bnc _2rdacarrier |
||
| 655 | 7 |
_aslovenské romány _2SNKPH _91694 |
|
| 655 | 7 |
_aSlovak fiction _2SNKPHeng _91695 |
|
| 958 | _aZS | ||
| 958 | _aNB | ||